The history and meaning of degrees /

Bibliographic Details
Main Author: Tuttle, Albert H. (Albert Henry), 1844-
Corporate Author: Virginia. University. Philosophical Society
Format: Book
Language:English
Published: Charlottesville, Va. : University of Virginia, [1912]
Subjects:

MARC

Tag First Indicator Second Indicator Subfields
LEADER 00000cam a2200000 4500
001 in00000055688
005 20151008052303.0
008 800512r1912 vau s00010 eng d
035 |a (OCoLC)06306829 
035 |9 AAH2629AM 
040 |a TXA  |c TXA  |d UtOrBLW 
049 |a TXAM  |c [61222] 
090 |a LB2381  |b .T88 1912 
092 |a 378.2  |b T967h 
100 1 |a Tuttle, Albert H.  |q (Albert Henry),  |d 1844- 
245 1 4 |a The history and meaning of degrees /  |c by Albert H. Tuttle ... 
264 1 |a Charlottesville, Va. :  |b University of Virginia,  |c [1912] 
300 |a pages 45-97. 
336 |a text  |b txt  |2 rdacontent 
337 |a unmediated  |b n  |2 rdamedia 
338 |a volume  |b nc  |2 rdacarrier 
500 |a On cover: University of Virginia publications. Proceedings of the Philosophical society, 1911-1912. Reports of the Proceedings of the scientific, medical and humanistic sections of the Society. 
650 0 |a Degrees, Academic. 
710 1 |a Virginia.  |b University.  |b Philosophical Society.  |t Proceedings, 1911-12. 
999 |a MARS 
999 f f |s 204ace36-3305-3174-908c-cffad96ed92c  |i 9f053bd3-1c33-3267-ab3e-e312b3230049  |t 0 
952 f f |p normal  |a Texas A&M University  |b College Station  |c Sterling C. Evans Library  |s Evans stk  |d Evans: Library Stacks  |t 0  |e LB2381 .T88 1912  |h Library of Congress classification  |i unmediated -- volume  |m A14800862857 
998 f f |a LB2381 .T88 1912  |t 0  |l Evans: Library Stacks